Geography Quiz

Random Geography or City Quiz

Fix the Australia Map Quiz Stats

 Plays Quiz Updated Apr 18, 2018

Challenge
Share
Tweet
Score 0/6 Timer 03:00
5 Plays Today
% Correct
QUEENSLAND
86.3%
Brisbane
85.2%
SOUTH
AUSTRALIA
83.9%
Perth
83.4%
Canberra
78.4%
Adelaide
77.5%

You're not logged in!

Compare scores with friends on all Sporcle quizzes.
Join for Free
OR
Log In

You Might Also Like...

Show Comments

Extras

Top Quizzes Today


Score Distribution

Your Account Isn't Verified!

In order to create a playlist on Sporcle, you need to verify the email address you used during registration. Go to your Sporcle Settings to finish the process.

Report this User

Report this user for behavior that violates our Community Guidelines.

Details: